[Event "AUTO-OPEN-3142"]
[Site "http://www.queenalice.com/game.php?id=1318051"]
[Date "2014.10.26"]
[Round "3"]
[White "RedBaronIII"]
[Black "sidneyjmg"]
[Result "0-1"]
[WhiteElo "2259"]
[BlackElo "2503"]

1. d4 Nf6 2. c4 e6 3. Nf3 Bb4+ 4. Bd2 Bxd2+ 5. Nbxd2 O-O 6. e3 b6 7. Bd3 c5 8.
O-O Bb7 9. dxc5 bxc5 10. Ng5 Qc7 11. Nde4 Nxe4 12. Bxe4 h6 13. Bh7+ Kh8 14. Bb1
f5 15. Nf3 Nc6 16. e4 fxe4 17. Bxe4 Rf4 18. Re1 Raf8 19. b3 e5 20. g3 R4f6 21.
Nxe5 Nxe5 22. Bxb7 Qxb7 23. Rxe5 Rxf2 24. Qd5 Qa6 25. Qxc5 Qf6 26. Ree1 Qb2 27.
Qh5 Qd4 28. Kh1 R8f5 29. Qe8+ Kh7 0-1

[Event "AUTO-OPEN-3142"]
[Site "http://www.queenalice.com/game.php?id=1318052"]
[Date "2014.10.26"]
[Round "3"]
[White "sidneyjmg"]
[Black "RedBaronIII"]
[Result "1-0"]
[WhiteElo "2509"]
[BlackElo "2264"]

1. e4 e6 2. Nf3 d5 3. exd5 exd5 4. d4 Bd6 5. Bb5+ c6 6. Bd3 Ne7 7. O-O O-O 8. c4
dxc4 9. Bxc4 Bf5 10. Nc3 Nd7 11. Re1 Qc7 12. Nh4 Be6 13. Bxe6 Bxh2+ 14. Kh1 fxe6
15. Qe2 Bd6 16. Qxe6+ Kh8 17. Bg5 Rae8 18. Qh3 Nf6 19. Re6 Qd7 20. Kg1 Kg8 21.
Rxf6 Qxh3 22. Rxf8+ Rxf8 23. gxh3 1-0

[Event "Challenge"]
[Site "http://www.queenalice.com/game.php?id=1326286"]
[Date "2014.12.5"]
[Round "-"]
[White "Bira"]
[Black "sidneyjmg"]
[Result "0-1"]
[WhiteElo "1410"]
[BlackElo "2511"]

1. e4 e6 2. Nc3 d5 3. d3 Nf6 4. Bg5 h6 5. Bxf6 Qxf6 6. Qf3 dxe4 7. Qxf6 gxf6 8.
Nh3 exd3 9. Bxd3 Bd7 10. Bb5 Nc6 11. Bxc6 Bxc6 12. Nf4 Bd6 13. Nh5 Bxg2 14. Rg1
Bf3 15. Nb5 Bxh5 16. Nxd6+ cxd6 17. h4 Rc8 18. c3 Rc4 19. Rh1 Re4+ 20. Kf1 Be2+
21. Kg1 Rg8+ 22. Kh2 Rxh4# 0-1

[Event "Challenge"]
[Site "http://www.queenalice.com/game.php?id=1328500"]
[Date "2014.12.16"]
[Round "-"]
[White "armin"]
[Black "sidneyjmg"]
[Result "0-1"]
[WhiteElo "1843"]
[BlackElo "2506"]

1. d4 Nf6 2. c4 e6 3. Nf3 Bb4+ 4. Nc3 O-O 5. Bg5 c5 6. e3 Qa5 7. Bxf6 Bxc3+ 8.
bxc3 Qxc3+ 9. Nd2 gxf6 10. Rc1 Qa3 11. Qc2 cxd4 12. exd4 Nc6 13. Nb3 Nb4 14. Qd2
Nxa2 15. Rb1 d5 16. Nc5 b6 17. Rb3 Qc1+ 18. Qxc1 Nxc1 19. Rg3+ Kh8 20. Nd3 Nb3
21. cxd5 Nxd4 22. Nf4 Bb7 23. Bd3 e5 24. Nh5 f5 25. Nf6 Rad8 26. O-O Rd6 27. Nh5
e4 28. Bc4 Bxd5 29. Ba6 b5 30. Ra3 Bc4 31. Rb1 b4 32. Ra5 Bxa6 33. h3 b3 34. Nf4
Rc8 35. Nd5 Bd3 36. Ne7 Bxb1 37. Nxc8 Rc6 38. Nxa7 Rc1+ 39. Kh2 Bd3 40. Nc8 b2
41. Rd5 Ne2 42. Rxf5 b1=Q 43. g4 Rh1+ 44. Kg2 Qf1# 0-1

[Event "Challenge"]
[Site "http://www.queenalice.com/game.php?id=1351993"]
[Date "2015.4.5"]
[Round "-"]
[White "Edmorf"]
[Black "sidneyjmg"]
[Result "1-0"]
[WhiteElo "1901"]
[BlackElo "2507"]

1. e4 e6 2. d4 d5 3. e5 c5 4. Bb5+ Bd7 5. Bxd7+ Nxd7 6. Nf3 cxd4 7. Qxd4 Bc5 8.
Qd1 Ne7 9. O-O O-O 10. c3 Ng6 11. Bg5 Qc7 12. b4 Bb6 13. Nd4 a5 14. Nb5 1-0

[Event "AUTO-ELITE-1536"]
[Site "http://www.queenalice.com/game.php?id=1376576"]
[Date "2015.8.9"]
[Round "1"]
[White "Sacapiece"]
[Black "sidneyjmg"]
[Result "0-1"]
[WhiteElo "2250"]
[BlackElo "2523"]

1. e4 e6 2. d4 d5 3. Nc3 Nf6 4. Bg5 Be7 5. e5 Nfd7 6. h4 O-O 7. Bd3 c5 8. Nh3 g6
9. Bh6 cxd4 10. Bxf8 Bxf8 11. Ne2 Nxe5 12. h5 Nbc6 13. hxg6 hxg6 14. a3 Nc4 15.
Qc1 Bg7 16. Ng3 Bd7 17. f4 Ne3 18. Ng5 e5 19. Nh7 Nxg2+ 20. Kf2 Nxf4 0-1

[Event "AUTO-ELITE-1536"]
[Site "http://www.queenalice.com/game.php?id=1376577"]
[Date "2015.8.9"]
[Round "1"]
[White "sidneyjmg"]
[Black "Sacapiece"]
[Result "1/2-1/2"]
[WhiteElo "2524"]
[BlackElo "2268"]

1. e4 c5 2. Nf3 d6 3. d4 cxd4 4. Nxd4 Nf6 5. Nc3 g6 6. Be3 Bg7 7. f3 O-O 8. Qd2
Nc6 9. O-O-O d5 10. Nxc6 bxc6 11. exd5 Nxd5 12. Nxd5 cxd5 13. Qxd5 Qc7 14. Qc5
Qb7 15. b3 Bf5 16. Qa5 Rac8 17. Bd3 Rc3 18. Bxf5 Rxe3 19. Be4 Qb8 20. Kb1 Qf4
21. Rd8 h5 22. Rxf8+ Bxf8 23. Rd1 Re2 24. h3 Rxg2 25. Qxa7 Rd2 26. Rxd2 Qxd2 27.
Qa8 e6 28. a4 Kg7 29. Qa7 Bb4 30. Qg1 Bc3 31. Bd3 Bf6 32. Ka2 Kh7 33. Qb1 Qb4
34. Qc1 Qc3 35. Qb1 Qb4 36. Be2 1/2-1/2

[Event "AUTO-ELITE-1536"]
[Site "http://www.queenalice.com/game.php?id=1376582"]
[Date "2015.8.9"]
[Round "1"]
[White "sidneyjmg"]
[Black "BEBADO"]
[Result "1-0"]
[WhiteElo "2518"]
[BlackElo "2367"]

1. e4 c5 2. Nf3 e6 3. Nc3 Nc6 4. Bb5 Qc7 5. O-O d6 6. d4 cxd4 7. Qxd4 Bd7 8.
Bxc6 bxc6 9. Rd1 e5 10. Qd3 Nf6 11. Bg5 Rb8 12. b3 Nh5 13. Be3 Be7 14. Qa6 Rb7
15. Nd2 Bc8 16. Nc4 Rxb3 17. axb3 Bxa6 18. Rxa6 1-0

[Event "AUTO-ELITE-1536"]
[Site "http://www.queenalice.com/game.php?id=1376583"]
[Date "2015.8.9"]
[Round "1"]
[White "BEBADO"]
[Black "sidneyjmg"]
[Result "1-0"]
[WhiteElo "2286"]
[BlackElo "2519"]

1. e4 e6 2. d4 d5 3. Nc3 Nf6 4. e5 Nfd7 5. f4 c5 6. Nf3 Nc6 7. Be3 Qb6 8. Na4
Qa5+ 9. c3 cxd4 10. b4 Nxb4 11. cxb4 Bxb4+ 12. Bd2 Bxd2+ 13. Nxd2 O-O 14. Bd3 b5
15. Nb2 Nb6 16. O-O Nc4 17. Bxh7+ Kxh7 18. Qh5+ Kg8 19. Nf3 f6 20. exf6 Qc7 21.
fxg7 Qxg7 22. Nd3 Bd7 23. Nfe5 Ne3 24. Rf2 Rac8 25. Nxd7 Rf5 26. Qh4 Qxd7 27.
Rf3 1-0

[Event "Challenge"]
[Site "http://www.queenalice.com/game.php?id=1378572"]
[Date "2015.8.19"]
[Round "-"]
[White "babydaddytoo"]
[Black "sidneyjmg"]
[Result "1/2-1/2"]
[WhiteElo "2451"]
[BlackElo "2526"]

1. d4 Nf6 2. e3 e6 3. Nf3 Be7 4. Be2 O-O 5. O-O c5 6. dxc5 Na6 7. Nc3 Nxc5 8. b4
Nce4 9. Nxe4 Nxe4 10. Bb2 d5 11. Qd4 Bf6 12. Ne5 Bxe5 13. Qxe5 f6 14. Qh5 Qe7
15. a3 Nd6 16. Rfd1 Bd7 17. Bd3 g6 18. Qf3 Rf7 19. a4 Rc8 20. b5 Nc4 21. Bxc4
Rxc4 22. c3 a6 23. bxa6 bxa6 24. Rd4 Qc5 25. Qe2 a5 26. Ba3 Qc6 27. Rxc4 dxc4
28. Bb2 Qb6 29. e4 Qb3 30. Ra3 Qb7 31. f3 Be8 32. Ra1 Qb3 1/2-1/2